000 00461cam a2200145 4500500
005 20251012003932.0
041 _afre
042 _adc
100 1 0 _aGamblin, Guillaume
_eauthor
245 0 0 _aLe colonialisme se joue au sein de nos luttes écologistes
260 _c2021.
500 _a81
786 0 _nSilence | 501 | 7 | 2021-07-07 | p. 14-17 | 0756-2640
856 4 1 _uhttps://shs.cairn.info/revue-silence-2021-7-page-14?lang=fr&redirect-ssocas=7080
999 _c1513691
_d1513691